[Event "Egypt op"]
[Site "Egypt"]
[Date "2009.07.22"]
[Round "3"]
[White "Moreis, Kamel"]
[Black "Zayan, Osama"]
[Result "0-1"]
[WhiteElo "2048"]
[BlackElo "2183"]
[PlyCount "48"]
[EventDate "2009.07.20"]
[EventType "swiss"]
[EventRounds "9"]
[EventCountry "EGY"]
[SourceTitle "EXT 2011"]
[Source "ChessBase"]
[SourceDate "2010.11.26"]
[SourceVersion "1"]
[SourceVersionDate "2010.11.26"]
[SourceQuality "1"]

1. e4 e5 2. Nf3 Nc6 3. Bb5 f5 4. d3 fxe4 5. dxe4 Nf6 6. Bg5 Bb4+ 7. c3 Bc5 8. 0-0 d6 9. a4 a6 10. Bc4 Qe7 11. b4 Ba7 12. Qb3 h6 13. Bxf6 Qxf6 14. Nbd2 g5 15. Bd5 Rf8 16. Qc4 Kd7 17. Bxc6+ bxc6 18. Qe2 g4 19. Ne1 h5 20. Rd1 Qe7 21. Nc4 h4 22. Nc2 Qg5 23. Qd3 Bb7 24. Kh1 c5 0-1

[Event "EGY-chT 0708"]
[Site "Egypt"]
[Date "2007.11.02"]
[Round "1"]
[White "Moreis, Kamel"]
[Black "Abdel Moniem, Mohamed"]
[Result "0-1"]
[WhiteElo "2054"]
[BlackElo "2161"]
[PlyCount "97"]
[EventDate "2007.11.02"]
[EventType "team-tourn"]
[EventRounds "3"]
[EventCountry "EGY"]
[SourceTitle "EXT 2009"]
[Source "ChessBase"]
[SourceDate "2008.11.26"]
[SourceVersion "1"]
[SourceVersionDate "2008.11.26"]
[SourceQuality "1"]
[WhiteTeam "Asiut"]
[BlackTeam "Sokar Hawamdya"]
[WhiteTeamCountry "EGY"]
[BlackTeamCountry "EGY"]

1. e4 c5 2. Nf3 Nc6 3. d4 cxd4 4. Nxd4 Nf6 5. Nc3 d6 6. Be2 g6 7. Be3 Bg7 8. Qd2 a6 9. 0-0-0 Bd7 10. f3 Rc8 11. g4 b5 12. h4 Nb4 13. Kb1 Qa5 14. a3 Nc6 15. Nd5 Nxd5 16. Qxa5 Nxa5 17. exd5 0-0 18. h5 Nc4 19. Bxc4 Rxc4 20. c3 e5 21. Nb3 f5 22. g5 f4 23. Bf2 Bf5+ 24. Kc1 Rfc8 25. Na5 Ra4 26. Nc6 Re8 27. hxg6 Rc4 28. gxh7+ Bxh7 29. g6 Bxg6 30. Rdg1 Kf7 31. Rh4 Bf6 32. Rh6 Rg8 33. Bh4 Bxh4 34. Rxh4 Rc5 35. Rg2 a5 36. Nxa5 Rxd5 37. Nb3 Rd3 38. Nd2 Re3 39. Kd1 Bc2+ 40. Kxc2 Rxg2 41. Rh6 Ke7 42. Rh7+ Ke6 43. Rh1 Rxf3 44. b3 Rff2 45. Rd1 e4 46. Kc1 e3 47. Ne4 Ra2 48. Kb1 Rgb2+ 49. Kc1 0-1